00000000cam 2200000zi 4500
0019.952440
003CaOODSP
00520260602104620
006m     o  d f      
007cr cn ||||||||
008250617t20252025onc     o    f000 0 fre d
020 |a9780660778662
040 |aCaOODSP|bfre|erda|cCaOODSP
043 |an-cn---
0861 |aT94-93/2025F-PDF
24500|aFonds canadien pour les infrastructures liées au logement : |bguide pratique pour mettre en œuvre les exigences climatiques.
24617|aFCIL – guide pratique pour mettre en œuvre les exigences climatiques
264 1|aOttawa (Ontario) : |bHousing, Infrastructure and Communities Canada = Logement, infrastructures et collectivités Canada, |c2025.
264 4|c©2025
300 |a1 ressource en ligne (14 pages)
336 |atexte|btxt|2rdacontent/fre
337 |ainformatique|bc|2rdamedia/fre
338 |aressource en ligne|bcr|2rdacarrier/fre
500 |aPublié aussi en anglais sous le titre : Canada Housing Infrastructure Fund how-to-guide : implementing climate requirements.
520 |a« Le Fonds canadien pour les infrastructures liées au logement (FCIL) vise à accélérer la construction et la remise en état d'infrastructures favorisant les logements liés à l'eau potable, aux eaux usées, aux eaux pluviales et aux déchets solides, qui appuient directement la création de nouveaux logements et l'amélioration de la densification. Les investissements du FCIL auront également d'importantes retombées positives, car ils contribueront à rendre les communautés canadiennes plus résilientes face aux changements climatiques futurs et à respecter les engagements pris par le Canada en matière de réduction d’émissions de gaz à effets de serre (GES) »--Introduction, page 4.
650 6|aAdaptation aux changements climatiques|xPolitique gouvernementale|zCanada.
650 6|aTravaux publics|xAspect de l'environnement|zCanada.
7101 |aCanada. |bLogement, infrastructures et collectivités Canada, |eorganisme de publication.
77508|tCanada Housing Infrastructure Fund how-to-guide : |w(CaOODSP)9.952439
85640|qPDF|s663 Ko|uhttps://publications.gc.ca/collections/collection_2026/licc-hicc/T94-93-2025-fra.pdf
8564 |qHTML|sS.O.|uhttps://logement-infrastructure.canada.ca/housing-logement/chif-fcil/climate-requirements-guide-exigences-climatiques-fra.html